| 000 | 00994nam a2200301 a 4500 | ||
|---|---|---|---|
| 001 | 57824 | ||
| 003 | BD-RjUL | ||
| 005 | 20211209080545.0 | ||
| 008 | 161212s1979 mdua bs 000 1 eng d | ||
| 020 | _a0801821401 (pbk) | ||
| 035 | _a(BD-RjUL)57948 | ||
| 040 |
_aBD-RjUL _beng _cBD-RjUL _dBD-RjUL |
||
| 041 | _aeng | ||
| 082 |
_a304.632 _223 _bCOF 1979 |
||
| 100 | 1 |
_aCochrane, Susan Hill, _d1943- _9171726 |
|
| 245 | 1 | 0 |
_aFertility and education : _bwhat do we really know? / _cSusan Hill Cochrane |
| 260 |
_aBaltimore ; _aLondon : _bJohns Hopkins University Press, _cc1979 |
||
| 300 |
_axii, 175 p. : _bill. ; _c23 cm |
||
| 490 | 1 |
_aWorld Bank staff occasional papers ; _v26 |
|
| 504 | _aIncludes bibliography (p.153-172) and index | ||
| 650 | 0 |
_aEducation _9171727 |
|
| 650 | 0 |
_aFamily size _9171376 |
|
| 650 | 0 |
_aFertility, Human _9171375 |
|
| 710 | 2 |
_aWorld Bank. _9171728 |
|
| 830 | 0 |
_aWorld Bank staff occasional papers ; _v26 _9173435 |
|
| 942 |
_2ddc _cBK |
||
| 999 |
_c57824 _d57824 |
||